[Event "Steinfurt Bezirksliga 0203"]
[Site "Germany"]
[Date "2003.04.26"]
[Round "8.1"]
[White "Bartoschefske, Andreas"]
[Black "Lagemann, Stefan"]
[Result "0-1"]
[WhiteElo "1644"]
[BlackElo "2080"]
[PlyCount "110"]
[EventDate "2002.09.14"]
[EventType "team-tourn"]
[EventRounds "9"]
[EventCountry "GER"]
[SourceTitle "EXT 2004"]
[Source "ChessBase"]
[SourceDate "2003.11.25"]
[SourceVersion "1"]
[SourceVersionDate "2003.11.25"]
[SourceQuality "1"]
[WhiteTeam "Reckenfeld"]
[BlackTeam "Westerkappeln"]
[WhiteTeamCountry "GER"]
[BlackTeamCountry "GER"]

1. e4 c5 2. Nf3 Nc6 3. d3 g6 4. g3 Bg7 5. Bg2 e5 6. 0-0 Nge7 7. Be3 d6 8. Nc3 0-0 9. Qd2 Nd4 10. Bh6 f5 11. Bxg7 Kxg7 12. Nxd4 cxd4 13. Nd5 Nxd5 14. exd5 f4 15. f3 Qb6 16. Rab1 Qc5 17. a3 Qxd5 18. Rbe1 Qc5 19. g4 Be6 20. Re2 g5 21. Rc1 Rac8 22. h3 Qb6 23. Qb4 Qxb4 24. axb4 Rc6 25. c4 dxc3 26. bxc3 b5 27. d4 Kf6 28. Rce1 Rxc3 29. dxe5+ dxe5 30. Rxe5 Bd7 31. Rd5 Rf7 32. Rd6+ Kg7 33. Rd5 h6 34. Kf2 Rc2+ 35. Re2 Rxe2+ 36. Kxe2 Be6 37. Rd4 Bc4+ 38. Kf2 a5 39. bxa5 Ra7 40. Bf1 Bxf1 41. Kxf1 Rxa5 42. Rd7+ Kf6 43. Rb7 Ke5 44. Ke2 Kd4 45. Rd7+ Kc4 46. Rc7+ Kb4 47. Rc1 Ra3 48. Rc6 Re3+ 49. Kf2 Kb3 50. Rb6 b4 51. Rxh6 Kc2 52. Rc6+ Rc3 53. Re6 b3 54. Re2+ Kd3 55. Re5 b2 0-1

[Event "Steinfurt Bezirksliga 0203"]
[Site "Germany"]
[Date "2002.09.14"]
[Round "1.1"]
[White "Bartoschefske, Andreas"]
[Black "Sperling, Rainer"]
[Result "0-1"]
[WhiteElo "1644"]
[BlackElo "1566"]
[PlyCount "98"]
[EventDate "2002.09.14"]
[EventType "team-tourn"]
[EventRounds "9"]
[EventCountry "GER"]
[SourceTitle "EXT 2004"]
[Source "ChessBase"]
[SourceDate "2003.11.25"]
[SourceVersion "1"]
[SourceVersionDate "2003.11.25"]
[SourceQuality "1"]
[WhiteTeam "Reckenfeld"]
[BlackTeam "Reckenfeld II"]
[WhiteTeamCountry "GER"]
[BlackTeamCountry "GER"]

1. d4 d5 2. c4 dxc4 3. e4 e6 4. Bxc4 Nf6 5. Nc3 Bb4 6. f3 h6 7. Nge2 0-0 8. 0-0 Nc6 9. Be3 a6 10. Rc1 b5 11. Bd3 Bb7 12. Bb1 Rc8 13. Qd3 Bxc3 14. bxc3 e5 15. Rfd1 Qe7 16. c4 Nb4 17. Qb3 bxc4 18. Rxc4 Nc6 19. Qxb7 Na5 20. Qxa6 Nxc4 21. Qxc4 Rfd8 22. Bc2 Nd7 23. Bb3 Nb6 24. Qc3 c5 25. dxc5 Rxd1+ 26. Bxd1 Nd7 27. c6 Qd6 28. Ba4 Nb8 29. Ng3 Nxc6 30. Nf5 Qe6 31. Bxc6 Kh8 32. Qc5 Qxc6 33. Qxe5 f6 34. Qe7 Rg8 35. Qb4 Ra8 36. h3 Qd7 37. a3 Qd1+ 38. Kh2 Qd7 39. Bf4 Qa7 40. Bd6 Kh7 41. Qd2 Qd7 42. Qd5 Rd8 43. Kh1 Re8 44. Ne7 Rd8 45. Bb4 Qc7 46. Qf5+ Kh8 47. Ng6+ Kg8 48. Qe6+ Kh7 49. Qf5 Rd1+ 0-1